مكتبة جامعة عجلون الوطنية

فهرس بحث المكتبة

Normal view MARC view
  • علم الاجتماع الاسلامي-التربية الخاصة-صعوبات التعلم-رعاية الاطفال

Entry Topical Term

Number of records used in: 1

001 - CONTROL NUMBER

  • control field: 62114

003 - CONTROL NUMBER IDENTIFIER

  • control field: JO-AjAnu

005 - DATE AND TIME OF LATEST TRANSACTION

  • control field: 20230606084139.0

008 - FIXED-LENGTH DATA ELEMENTS

  • fixed length control field: 230606|| aca||aabn | a|a d

040 ## - CATALOGING SOURCE

  • Original cataloging agency: JO-AjAnu
  • Transcribing agency: JO-AjAnu

150 ## - HEADING--TOPICAL TERM

  • Topical term or geographic name entry element: علم الاجتماع الاسلامي-التربية الخاصة-صعوبات التعلم-رعاية الاطفال

670 ## - SOURCE DATA FOUND

  • Source citation: Work cat.: (JO-AjAnu)31679: تاليف ابو قدوم، جمال موسى عيسى؛ تقديم احمد اسماعيل نوفل , author 62113, رعاية السويد لذوي الاحتياجات الخاصة من منظور اسلامي، ج2